Teoría de las probabilidades
| Main Authors: | , , |
|---|---|
| Format: | Section = Libro |
| Language: | Undetermined Spanish |
| Published: |
URSS
Mir Moscú
1985
|
| Subjects: |
| LEADER | 00768nam a2200289Ia 4500 | ||
|---|---|---|---|
| 008 | 240830s9999 xx 000 0 und d | ||
| 040 | |a B-ESTELÍ- RUACS / 519.2 Z21 | ||
| 041 | |a spa | ||
| 082 | |a 519.2 Z21 | ||
| 100 | 1 | |a Zajárov, V. H. | |
| 100 | 1 | |b Sevastiánov B.A. | |
| 100 | 1 | |c Chistiakov, V.P. | |
| 245 | 1 | 0 | |a Teoría de las probabilidades |
| 260 | |a URSS |b Mir Moscú |c 1985 | ||
| 300 | |a 151 p. | ||
| 650 | 7 | |a TEORÍA- PROBABILIDADES | |
| 650 | 7 | |b FENÓMENOS ALEATORIOS | |
| 650 | 7 | |c TEOREMAS | |
| 650 | 7 | |d SUCESIÓN DE PRUEBAS | |
| 650 | 7 | |e VARIABLES | |
| 650 | 7 | |f ESPERANZA MATEMÁTICA | |
| 650 | 7 | |g VARIANZA | |
| 650 | 7 | |h COVARIANZA | |
| 650 | 7 | |i MÉTODO DE CUADRADOS MÍNIMOS | |
| 942 | |c BK |2 ddc | ||
| 991 | |a TEXTO | ||
| 999 | |c 10977 | ||